000 00439nam a22001697a 4500
005 20251108165156.0
008 250721s1993 xx 000 0 ara d
082 1 4 _a909/سمي
100 1 _aشيخاني، سمير
245 1 0 _aمن كواليس التاريخ /
264 1 _aبيروت :
_bدار الجيل،
_c1993.
300 _a
650 1 7 _aالعالم
650 1 7 _aالتاريخ
942 _2ddc
_cBK
999 _c21344
_d21344